The making of a world power : (Record no. 4182)
[ view plain ]
| 000 -LEADER | |
|---|---|
| fixed length control field | 00908nam a2200229 a 4500 |
| 001 - CONTROL NUMBER | |
| JCCL Control Number | 4182 |
| 003 - CONTROL NUMBER IDENTIFIER | |
| JCCL marc code | BD-JhCC |
| 005 - DATE AND TIME OF LATEST TRANSACTION | |
| control field | 20180418180358.0 |
| 008 - FIXED-LENGTH DATA ELEMENTS--GENERAL INFORMATION | |
| fixed length control field | 171123s1960 nyu |||| |||| 001 0 eng d |
| 035 ## - SYSTEM CONTROL NUMBER | |
| system control number | (BD-JhCC)4182 |
| 040 ## - CATALOGING SOURCE | |
| Original cataloging agency | BD-JhCC |
| Modifying agency | BD-JhCC |
| 041 ## - LANGUAGE CODE | |
| Language code of Book | eng |
| 082 ## - DEWEY DECIMAL CLASSIFICATION NUMBER | |
| DDC Edition number | 22 |
| Classification number | 973.5 |
| Author mark and Year | ANG 1960 |
| 100 ## - MAIN ENTRY--PERSONAL NAME | |
| Personal name | Angle, Paul M. |
| Titles and other words associated with a name | 1900-1975 |
| Fuller form of name | (Paul McClelland), |
| 245 ## - TITLE STATEMENT | |
| Title | The making of a world power : |
| Remainder of title | selections from the American reader / |
| Statement of responsibility, etc | Paul McClelland Angle |
| 260 ## - PUBLICATION, DISTRIBUTION, ETC. (IMPRINT) | |
| Place of publication, distribution, etc | New York : |
| Name of publisher, distributor, etc | Fawcett Publications, |
| Date of publication, distribution, etc | c1960 |
| 300 ## - PHYSICAL DESCRIPTION | |
| Pagination | 1 vol. (223 p.) : |
| Dimensions | 18 cm. |
| 500 ## - GENERAL NOTE | |
| General note | "Comprises chapters XVII-XXI of The American reader."<br/>La couv. porte en plus : "Golden '90s to depression years. Eyewitness reports of America in the making Volume 4 selected from The American Reader."<br/>Description: |
| 651 ## - SUBJECT ADDED ENTRY--GEOGRAPHIC NAME | |
| Geographic name | United States |
| Form subdivision | Sources. |
| General subdivision | History |
| Chronological subdivision | 20th century |
| 942 ## - ADDED ENTRY ELEMENTS (KOHA) | |
| Source of classification or shelving scheme | Dewey Decimal Classification |
| Koha item type | Books |
| Source of classification or shelving scheme | volume number | Damaged status | Not for loan | Home library | Current library | Shelving location | Date of accession | Total Checkouts | Full call number | Barcode | Date last seen | Copy number | Koha item type |
|---|---|---|---|---|---|---|---|---|---|---|---|---|---|
| Dewey Decimal Classification | V-4 | JCC Rouf Library | JCC Rouf Library | General Stacks | 11/23/2017 | 973.5 ANG 1960 | 6103 | 11/23/2017 | C- 1 | Books | |||
| Dewey Decimal Classification | JCC Rouf Library | JCC Rouf Library | General Stacks | 04/17/2018 | 973.5 ANG 1960 | 12230 | 04/18/2018 | C-1 | Books |